UBT Library

The ARRL's tech Q&A : (Record no. 44250)

000 -LEADER
fixed length control field 00824cam a2200241 a 4500
001 - CONTROL NUMBER
control field 12275550
005 - DATE AND TIME OF LATEST TRANSACTION
control field 20180307033356.0
008 - FIXED-LENGTH DATA ELEMENTS--GENERAL INFORMATION
fixed length control field 010110s2000 ctua 000 0 eng
010 ## - LIBRARY OF CONGRESS CONTROL NUMBER
LC control number 2001265926
020 ## - INTERNATIONAL STANDARD BOOK NUMBER
International Standard Book Number 0872597873
040 ## - CATALOGING SOURCE
Original cataloging agency DLC
Transcribing agency DLC
Modifying agency DLC
041 ## - LANGUAGE CODE
Language code of text/sound track or separate title eng
043 ## - GEOGRAPHIC AREA CODE
Geographic area code n-us---
080 ## - UNIVERSAL DECIMAL CLASSIFICATION NUMBER
Universal Decimal Classification number 621.38416076 WOL
082 00 - DEWEY DECIMAL CLASSIFICATION NUMBER
Classification number 621.38416076 WOL
Edition number 21
100 1# - Rafti
Rafti 27
101 ## - Shkurtesa
Shkurtesa MEK
245 14 - TITLE STATEMENT
Title The ARRL's tech Q&A :
Statement of responsibility, etc by Larry D. Wolfgang and Joel P. Kleinman.
246 30 - VARYING FORM OF TITLE
Title proper/short title Your guick & easy path to a technician ham license
906 ## - LOCAL DATA ELEMENT F, LDF (RLIN)
a 7
b cbc
c origcop
d 2
e ncip
f 20
g y-gencatlg
942 ## - ADDED ENTRY ELEMENTS (KOHA)
Source of classification or shelving scheme
Item type Books
Holdings
Withdrawn status Lost status Source of classification or shelving scheme Damaged status Not for loan Collection code Permanent location Current location Shelving location Date acquired Total Checkouts Full call number Barcode Date last seen Price effective from Koha item type
          Koleksioni i përgjithshem UBT - Lipjan UBT - Lipjan Koleksioni i përgjithshem 03/07/2018   621.38416076 WOL 002-3000947 03/07/2018 03/07/2018 Books
UBT Library © 2015-2024. All rights reserved University Education for Business and Technology